| 000 | 00335nam a2200109Ia 4500 | ||
|---|---|---|---|
| 008 | 200302s9999 xx 000 0 und d | ||
| 100 | _aApurva Bose Dutta | ||
| 245 | _aArchitectural voices of India A blend of contemporary and traditional ethos | ||
| 260 | _bBritish Library in Canongate Data Publication | ||
| 260 | _c2017 | ||
| 300 | _a199 | ||
| 999 |
_c7271 _d7271 |
||